| 000 | 00764nmc a2200289 a 4500 | ||
|---|---|---|---|
| 003 | AR-BaBNM | ||
| 005 | 20251128202659.0 | ||
| 008 | 245020s2002 ||||||||||||||000 | spa|| | ||
| 020 | _a950-07-2206-2 | ||
| 040 | _cAR-BaBNM | ||
| 100 | 1 | _aMarco, Marcelo di | |
| 245 | 1 | 0 |
_aAtreverse a escribir _bprácticas y claves para arrancar de una vez por todas |
| 260 |
_aBuenos Aires _bSudamericana _c2002 |
||
| 300 | 0 | _a143 p. | |
| 490 | 0 | _aSudamericana Joven. Taller | |
| 650 | 4 | _aLITERATURA | |
| 650 | 4 | _aESCRITURA | |
| 650 | 4 | _aENSENANZA DE LA ESCRITURA | |
| 650 | 4 | _aREDACCION | |
| 650 | 4 | _aGRAMATICA | |
| 650 | 4 | _aSINTAXIS | |
| 653 | 0 | _aPRECEPTIVA LITERARIA | |
| 655 | _aLITERATURA | ||
| 700 | 1 | _aPendzik, Nomi | |
| 942 | _cBK | ||
| 998 | _cme-solo cat | ||
| 999 |
_c107 _d107 |
||